000 00453nam a2200157Ia 4500
008 240729s9999 xx 000 0 und d
022 _a2051-655X
245 0 _aJournal of Practical Ethics
260 _aUnited Kingdom
260 _bOxford Uehiro Centre for Practical Ethics
650 _a Ethics
650 _aPhilosophy. Psychology. Religion
856 _uhttps://doaj.org/toc/12f39ae8a18b4c6e8ddb1097d1ddd81b
942 _2ddc
942 _cDOAJEJ
999 _c66205
_d66205
945 _a1
_bMadushi Gamage
_c1
_dMadushi Gamage